[Event "Mumbai SMCA op 1st"]
[Site "Mumbai"]
[Date "2024.10.12"]
[Round "2"]
[White "Karan, Sharadbhai Dassani"]
[Black "Soni, Atharv"]
[Result "0-1"]
[WhiteElo "1499"]
[BlackElo "1968"]
[PlyCount "90"]
[EventDate "2024.10.11"]
[EventType "swiss"]
[EventRounds "8"]
[EventCountry "IND"]
[SourceTitle "CB43_2024"]
[Source "Chessbase"]
[SourceDate "2024.10.23"]
[SourceVersion "1"]
[SourceVersionDate "2024.10.23"]
[SourceQuality "1"]

1. d4 Nf6 2. Nf3 g6 3. Bf4 Bg7 4. e3 d6 5. Be2 0-0 6. 0-0 Nh5 7. Bg3 Nxg3 8. hxg3 c5 9. c3 b6 10. Qb3 Qc7 11. Na3 a6 12. c4 cxd4 13. exd4 Bg4 14. Rfd1 Nc6 15. d5 Na5 16. Qc2 Rac8 17. Rac1 Bh6 18. Rb1 b5 19. Qe4 Bf5 20. Qh4 Bg7 21. Bd3 Bxd3 22. Rxd3 Nxc4 23. Nxc4 Qxc4 24. Qxc4 Rxc4 25. Re1 Bf6 26. Ra3 Ra8 27. Rd3 Rc2 28. g4 h6 29. Nd4 Rxb2 30. Nc6 Kf8 31. Rde3 Rxa2 32. Nxe7 Rd2 33. Nxg6+ fxg6 34. Re6 Kf7 35. Rxd6 Rd8 36. Rxa6 R8xd5 37. Ree6 Rd1+ 38. Kh2 Rd6 39. Rexd6 Be5+ 40. g3 Bxd6 41. Kg2 b4 42. Rb6 Rd2 43. Rb5 Ke6 44. Kf3 Rc2 45. Rb6 Kd5 0-1